000 00685nam a22002057a 4500
001 114502
003 DR-UNIBE
005 20260327113334.0
008 260324b1957 fr ||||| |||| 00| 0 fre d
040 _aBIBLIOTECA UNIBE
_cBIBLIOTECA UNIBE
_erda
041 _afre
082 _a346.44 C837n 1957
110 2 _aCosta Rica.
_bAsamblea Legislativa
_9203645
245 _aNouveau formulaire d'actes sous seign privé /
_cLéon Parisot, André Perraud-Charmantier
250 _aCuarta edición
260 _aParis :
_bLibrairie Générale de Droit et de Jurisprudence,
_c 1957
300 _a865 páginas
650 7 _2lemb
_aContratos
_vFormularios
_zFrancia
_9203916
942 _2ddc
_cBK
999 _c114502
_d114502